Normal view
MARC view
- Shahab Shahid
Entry Personal Name
001 - CONTROL NUMBER
- control field: 15077
003 - CONTROL NUMBER IDENTIFIER
- control field: NUST
005 - DATE AND TIME OF LATEST TRANSACTION
- control field: 20190619101302.0
008 - FIXED-LENGTH DATA ELEMENTS
- fixed length control field: 190619|| aca||aabn | a|a d
040 ## - CATALOGING SOURCE
- Original cataloging agency: NUST
- Transcribing agency: NUST
100 ## - HEADING--PERSONAL NAME
- Personal name: Shahab Shahid
670 ## - SOURCE DATA FOUND
- Source citation: Work cat.: (NUST): Shahab Shahid, Improved Design, Analysis and Current Controlled Strategy for Photovoltaic (PV) Grid Connected Converters
